000 00297nam a2200145Ia 4500
100 _aHoldsworth/B
250 _a4
942 _cBK
654 _adigital
245 _aDigital Logic Design
260 _bNewnes
_aNew Delhi
_c2002
082 _a621.3819
_bHOL
300 _a519
546 _aENGLISH
999 _c32965
_d32965